Digits of the Backrooms Infinite Staircase - Statistics

General Stats
  • This quiz has been taken 34 times
  • The average score is 11 of 19
Answer Stats
Answer % Correct
9
100%
2
90%
2
90%
3
85%
3
80%
7
80%
2
75%
0
65%
3
60%
4
50%
5
50%
6
50%
8
50%
7
45%
5
40%
7
40%
8
35%
0
30%
7
30%
No matching quizzes found
Score Distribution
Percent of People with Each Score
Percentile by Number Answered
Your Score History
You have not taken this quiz